| 000 | 01380cad a22002175a 4500 | ||
|---|---|---|---|
| 001 | L156965 | ||
| 008 | 120801s2012 xxk f 000 0 eng d | ||
| 035 | _a(Sirsi) u156965 | ||
| 041 | 0 | _aeng | |
| 110 | 2 |
_aInternational Valuation Standards Council _95828 |
|
| 245 | 0 | 0 |
_aDiscussion paper _bthe valuation of trade related property August 2012 _h[electronic resource] |
| 260 |
_aLondon _bIVSC _c2012 |
||
| 490 | 0 |
_aInternational Valuation Standards Council Discussion Papers _vAugust 2012 |
|
| 520 | _aSeeks to establish whether "Trade Related Property" (TRP), defined in IVSC GN12 as ?any type of real property designed for a specific type of business where the property value reflects the trading potential for that business.?, represents a distinct asset class that presents unique valuation challenges, whether there are procedures that differ from those in the existing International Valuation Standards that should be regarded as mandatory, and whether guidance is required on the application of different valuation approaches to TRP. Comments are invited before 31 October 2012. | ||
| 590 | _aKA NTK | ||
| 651 | 4 | _aInternational | |
| 690 |
_aValuation _96273 |
||
| 690 |
_aCommercial property _96227 |
||
| 856 | 4 | 0 |
_uhttps://www.ivsc.org/~ivscorg/sites/default/files/Discussion%20Paper%20TR-12%20%20approved.pdf _zView the discussion paper at www.ivsc.org |
| 942 | _n0 | ||
| 999 |
_c114519 _d114519 |
||